书目信息 |
| 题名: |
日语动词例解词典
|
|
| 作者: | 陈岩 , 胡传乃 , 战庆胜 主编 | |
| 分册: | ||
| 出版信息: | 上海 上海外语教育出版社 2001 |
|
| 页数: | 733页 | |
| 开本: | 21cm | |
| 丛书名: | ||
| 单 册: | ||
| 中图分类: | H364.2-61 | |
| 科图分类: | ||
| 主题词: | 日语--动词--词典 | |
| 电子资源: | ||
| ISBN: | 7-81080-024-8 | |
| 000 | 00743nam0 2200229 45 | |
| 001 | 012002406200 | |
| 005 | 20020121085943.46 | |
| 010 | @a7-81080-024-8@b精装@dCNY 36.00 | |
| 100 | @a20020121d2001 em y0chiy0120 ea | |
| 101 | 0 | @achi@ajpn |
| 102 | @aCN@b310000 | |
| 105 | @ay e 000yy | |
| 200 | 1 | @a日语动词例解词典@ARi Yu Dong Ci Li Jie Ci Dian@f陈岩, 胡传乃, 战庆胜主编@FChen Yan , Hu Chuan Nai , Zhan Qing Sheng Zhu Bian |
| 210 | @a上海@c上海外语教育出版社@d2001 | |
| 215 | @a733页@d21cm | |
| 606 | 0 | @a日语@x动词@j词典 |
| 690 | @aH364.2-61@v4 | |
| 701 | 0 | @a陈岩@AChen Yan@4主编 |
| 701 | 0 | @a胡传乃@AHu Chuan Nai@4主编 |
| 701 | 0 | @a战庆胜@AZhan Qing Sheng@4主编 |
| 801 | 0 | @aCN@bCEPC@c20020121 |
| 905 | @a10447@dH364.2-61@eC615 | |
| 日语动词例解词典/陈岩, 胡传乃, 战庆胜主编.-上海:上海外语教育出版社,2001 |
| 733页;21cm |
| ISBN 7-81080-024-8(精装):CNY 36.00 |
| ● |
| 相关链接 |
|
|
|
正题名:日语动词例解词典
索取号:H364.2-61/C615
 
预约/预借
| 序号 | 登录号 | 条形码 | 馆藏地/架位号 | 状态 | 备注 |
| 1 | 428454 | 204284540 | 语言库209/209语言库 129排2列2层/ [索取号:H364.2-61/C615] | 在馆 | |
| 2 | 428455 | 204284559 | 语言库209/209语言库 129排2列2层/ [索取号:H364.2-61/C615] | 在馆 |